000 00646nam a2200217Ia 4500
001 11331
003 GE_BSU
008 181216s||||||||xx |||||||||||||| ||und||
040 _cGE_BSU
080 _a631
100 _aნათიშვილი ალ.
245 _aშინაურ ცხოველთა ანატომია
245 _cრედ: ი. კვაჭაძე
260 _aთბილისი
260 _bსახელგამი
260 _c1953
300 _a421გვ.23სმ.
300 _eილ.
653 _aშინაურ ცხოველთა ანატომია
942 _cBK
999 _c44528
_d44528